LEADER 01116nam0-22003131i-450- 001 990002062710403321 005 20090610141104.0 035 $a000206271 035 $aFED01000206271 035 $a(Aleph)000206271FED01 035 $a000206271 100 $a20030910d1966----km-y0itay50------ba 101 0 $aeng 200 1 $aRadiosotopes in the detection of pesticide residues$eproceedings of a panel held in Vienna, 12-15 April 1965$forganized by the Division of atomic energy in agriculture 210 $aVienna$cInternational atomic energy agency$d1966 215 $aIV, 118 p.$d24 cm 225 1 $aPanel proceedings series$v123 610 0 $aAntiparassitari 610 0 $aAntiparassitari 676 $a632.95 710 02$aInternational Atomic Energy Agency$012873 712 12$aPanel on radioisotopes in the detection of pesticide residues$f<1965 ;$eVienna> 801 0$aIT$bUNINA$gRICA$2UNIMARC 901 $aBK 912 $a990002062710403321 952 $a61 IX E.4/05$b2791 (9/1/68)$fDAGEN 959 $aDAGEN 996 $aRadiosotopes in the detection of pesticide residues$9392971 997 $aUNINA LEADER 01327nam2-2200409---450 001 990005986350203316 005 20200609131532.0 010 $a88-200-1160-3 035 $a000598635 035 $aUSA01000598635 035 $a(ALEPH)000598635USA01 035 $a000598635 100 $a20141201d1991----km-y0itay50------ba 101 $aita 102 $aIT 105 $a||||||||001yy 200 1 $aOltre Samarcanda$fMichele Santoro 210 $aRoma$cL'Unità$aMilano$cSperling & Kupfer$d1991 215 $a158 p.$d19 cm 225 2 $a<> Libri dell'Unita$iTra cronaca e storia$v1 300 $aSupplemento al n. 8 dell'unità del 21.2.94 300 $aEdizione fuori commercio 410 0$1001000598634$12001$a<> Libri dell'Unita$iTra cronaca e storia$v, 1 606 0 $aSamarcanda $2BNCF 676 $a791.4572 700 1$aSANTORO,$bMichele$f<1951- >$0262725 801 0$aIT$bsalbc$gISBD 912 $a990005986350203316 951 $aXV.9. Coll. 17/ 1$b704 MAR$cXV.9. Coll.$d359846 959 $aBK 969 $aMAR 979 $aIANNONE$b90$c20141201$lUSA01$h1110 979 $aIANNONE$b90$c20141201$lUSA01$h1119 979 $aIANNONE$b90$c20141201$lUSA01$h1122 979 $aIANNONE$b90$c20141201$lUSA01$h1205 996 $aOltre Samarcanda$9215337 997 $aUNISA